000 00487nam a22001697a 4500
005 20260310154158.0
008 260309b |||||||| |||| 00| 0 eng d
020 _a978-93-91383-91-6
041 _aeng
082 _a632 KUM-D
100 _aKUMAR, SANJEEV
_98618
245 _aDISEASES OF FEILD & HORTICULTURAL CROPS AND THEIR MANAGEMENT- II
260 _aNEW DELHI
_bNIPA GENX ELECTRONIC RESOURCES & SOLUTIONS P. LTD
_c2022
300 _a214;P
650 _aAGRICULTURE
942 _cBK
999 _c9061
_d9059